000
00340 a2200145 4500
999
_c
12108
_d
12108
003
OSt
005
20231223130409.0
008
231223b ||||| |||| 00| 0 eng d
020
_a
9788957707555
082
_a
711.4
100
_a
Lee, Hwa-Jeong
245
_a
I.Focus : facade detail Vol-1
260
_b
Seoul Archworld
_c
2021
942
_2
ddc